[Event "Predeal op"]
[Site "Predeal"]
[Date "2007.??.??"]
[Round "?"]
[White "Javakhishvili, Lela"]
[Black "Szabo, Gergely D"]
[Result "1-0"]
[WhiteElo "2460"]
[BlackElo "2225"]
[PlyCount "93"]
[EventDate "2007.08.12"]
[EventType "swiss"]
[EventRounds "9"]
[EventCountry "ROU"]
[SourceTitle "CBM 119 Extra"]
[Source "ChessBase"]
[SourceDate "2007.09.04"]
[SourceVersion "1"]
[SourceVersionDate "2007.09.04"]
[SourceQuality "1"]

1. c4 Nf6 2. d4 g6 3. Nc3 Bg7 4. e4 d6 5. h3 0-0 6. Nf3 e5 7. d5 Nh5 8. Nh2 Nd7 9. g3 a5 10. Be2 Nhf6 11. g4 Nc5 12. Qc2 Ne8 13. Rg1 c6 14. Nf3 Bd7 15. Bg5 f6 16. Be3 cxd5 17. Nxd5 Rc8 18. h4 Be6 19. h5 g5 20. Nd2 Rf7 21. Nb1 Nc7 22. Nbc3 Nxd5 23. exd5 Bd7 24. Bxc5 dxc5 25. Bd3 Bf8 26. 0-0-0 Bd6 27. Bf5 Bxf5 28. Qxf5 Qd7 29. Qxd7 Rxd7 30. Ne4 Kg7 31. Rg3 Be7 32. Rb3 Bd8 33. Rdd3 b6 34. Rf3 Ra8 35. h6+ Kxh6 36. Nxf6 Rf7 37. Ne4 Raa7 38. Kc2 Kg6 39. Nd6 Rf4 40. Rxf4 exf4 41. Rh3 Re7 42. Kd2 Re5 43. Nf5 h5 44. Rxh5 Rxf5 45. Rh8 Re5 46. Rxd8 f3 47. d6 1-0

[Event "Predeal op"]
[Site "Predeal"]
[Date "2007.??.??"]
[Round "?"]
[White "Szabo, Gergely D"]
[Black "Leniart, Arkadiusz"]
[Result "1-0"]
[WhiteElo "2225"]
[BlackElo "2357"]
[PlyCount "137"]
[EventDate "2007.08.12"]
[EventType "swiss"]
[EventRounds "9"]
[EventCountry "ROU"]
[SourceTitle "CBM 119 Extra"]
[Source "ChessBase"]
[SourceDate "2007.09.04"]
[SourceVersion "1"]
[SourceVersionDate "2007.09.04"]
[SourceQuality "1"]

1. e4 e6 2. d4 d5 3. exd5 exd5 4. Nf3 Bf5 5. c4 Nf6 6. Nc3 Nbd7 7. Qb3 dxc4 8. Bxc4 Qe7+ 9. Be3 Nb6 10. Ne5 Nxc4 11. Qxc4 Be6 12. Qb5+ c6 13. Nxc6 Qd7 14. Ne5 Qxb5 15. Nxb5 Bb4+ 16. Ke2 Nd5 17. a3 Be7 18. Rac1 f6 19. Nd3 Bd7 20. Nc3 Nxc3+ 21. Rxc3 Bc6 22. f3 Kf7 23. Kf2 Rhd8 24. h4 Bd6 25. Rd1 Rd7 26. Nc1 Bd5 27. Nd3 Bc6 28. Ne1 Bd5 29. Nc2 a5 30. Bc1 a4 31. Ne3 Bb3 32. Rdd3 b5 33. Rc6 Rad8 34. Nf5 Bb8 35. Be3 Be6 36. Ng3 Bc4 37. Rd2 Bxg3+ 38. Kxg3 Rd6 39. Rc7+ R6d7 40. Rc5 Rd5 41. Rc2 R8d7 42. Kf2 R5d6 43. g4 Rd5 44. Rc1 h6 45. Rg1 Kg6 46. f4 Kf7 47. Kf3 Bd3 48. f5 Rd8 49. Rgc1 Bc4 50. Rg1 Bd3 51. Kf4 R5d7 52. g5 hxg5+ 53. hxg5 fxg5+ 54. Rxg5 Bc4 55. Kf3 Rd6 56. Bf4 Rxd4 57. Be5 R4d5 58. Rc7+ Ke8 59. Kf4 R5d7 60. Rxg7 Rxc7 61. Rxc7 Rd7 62. Rc8+ Rd8 63. Rc6 Rd5 64. f6 Rd1 65. Bc3 Rd5 66. Re6+ Kf8 67. Re7 Rd1 68. Bb4 Kg8 69. Rg7+ 1-0

[Event "Predeal op"]
[Site "Predeal"]
[Date "2007.??.??"]
[Round "?"]
[White "Szabo, Gergely D"]
[Black "Luca, Ionel"]
[Result "1-0"]
[WhiteElo "2225"]
[BlackElo "2143"]
[PlyCount "61"]
[EventDate "2007.08.12"]
[EventType "swiss"]
[EventRounds "9"]
[EventCountry "ROU"]
[SourceTitle "CBM 119 Extra"]
[Source "ChessBase"]
[SourceDate "2007.09.04"]
[SourceVersion "1"]
[SourceVersionDate "2007.09.04"]
[SourceQuality "1"]

1. e4 d6 2. d4 Nf6 3. Nc3 c6 4. Nf3 Bg4 5. Be2 Nbd7 6. 0-0 e5 7. Be3 Be7 8. h3 Bh5 9. a4 Qc7 10. Nd2 Bxe2 11. Qxe2 exd4 12. Bxd4 0-0 13. f4 Ne8 14. Nc4 d5 15. exd5 Bf6 16. Rad1 Bxd4+ 17. Rxd4 Nef6 18. d6 Qd8 19. Qf2 Nc5 20. Re1 Re8 21. Rdd1 Rxe1+ 22. Rxe1 Ne6 23. f5 Nf8 24. Re7 b5 25. axb5 Nd5 26. f6 Ng6 27. bxc6 Ndxe7 28. fxe7 Nxe7 29. dxe7 Qxe7 30. Nd5 Qg5 31. Nce3 1-0

[Event "HUN-chT2 Toth 0506"]
[Site "Hungary"]
[Date "2005.10.16"]
[Round "1"]
[White "Szabo, Gergely D"]
[Black "Tompa, Janos"]
[Result "1-0"]
[WhiteElo "2212"]
[BlackElo "2408"]
[PlyCount "71"]
[EventDate "2005.10.16"]
[EventType "team-tourn"]
[EventRounds "11"]
[EventCountry "HUN"]
[SourceTitle "EXT 2009"]
[Source "ChessBase"]
[SourceDate "2008.11.26"]
[SourceVersion "1"]
[SourceVersionDate "2008.11.26"]
[SourceQuality "1"]
[WhiteTeam "Karcag"]
[BlackTeam "Bege"]
[WhiteTeamCountry "HUN"]
[BlackTeamCountry "HUN"]

1. e4 c5 2. Nf3 e6 3. Nc3 d6 4. d4 cxd4 5. Nxd4 Nf6 6. Be3 Nc6 7. Bc4 Be7 8. Qe2 a6 9. 0-0-0 Qc7 10. Bb3 b5 11. g4 Nxd4 12. Bxd4 e5 13. Be3 Bxg4 14. Nd5 Qc8 15. f3 Nxd5 16. Bxd5 Be6 17. Bxa8 Qxa8 18. Rhg1 g6 19. Bh6 Qc6 20. Kb1 f6 21. f4 exf4 22. Bxf4 Kf7 23. Rd4 h5 24. Qd3 Rd8 25. Rd1 g5 26. e5 f5 27. Qe2 g4 28. exd6 Bf6 29. Be5 Bc4 30. Qe1 Re8 31. d7 Bxe5 32. dxe8Q+ Qxe8 33. Rd7+ Kf6 34. R1d6+ Be6 35. Qh4+ Kg6 36. Re7 1-0

[Event "HUN-chT2 Barcza 0203"]
[Site "Hungary"]
[Date "2002.11.24"]
[Round "3"]
[White "Vasvari, Tamas"]
[Black "Szabo, Gergely D"]
[Result "0-1"]
[WhiteElo "2204"]
[BlackElo "2226"]
[PlyCount "77"]
[EventDate "2002.09.22"]
[EventType "team-tourn"]
[EventRounds "11"]
[EventCountry "HUN"]
[SourceTitle "EXT 2009"]
[Source "ChessBase"]
[SourceDate "2008.11.26"]
[SourceVersion "1"]
[SourceVersionDate "2008.11.26"]
[SourceQuality "1"]

1. e4 c5 2. Nf3 e6 3. d4 cxd4 4. Nxd4 Nf6 5. Bd3 Nc6 6. Nxc6 bxc6 7. 0-0 e5 8. c4 Be7 9. b3 0-0 10. Bb2 d6 11. c5 d5 12. Nd2 Qc7 13. Qc2 dxe4 14. Bxe4 Nxe4 15. Qxe4 f6 16. Qc4+ Kh8 17. Rfd1 Bf5 18. b4 Rfd8 19. Nb3 Rxd1+ 20. Rxd1 Rd8 21. Re1 Qd7 22. Qe2 Bf8 23. Na5 Be6 24. a3 Bd5 25. h3 Kg8 26. Qa6 Be7 27. Rd1 Qc7 28. a4 f5 29. Rc1 e4 30. b5 cxb5 31. axb5 e3 32. Bd4 exf2+ 33. Bxf2 Qf4 34. Re1 Qg5 35. g4 fxg4 36. h4 Qf5 37. Nc6 Bf6 38. Nxd8 Qf3 39. Re8# 0-1

[Event "HUN-ch U20"]
[Site "Paks"]
[Date "2000.04.18"]
[Round "5"]
[White "Kohlrusz, Zoltan"]
[Black "Szabo, Gergely D"]
[Result "1/2-1/2"]
[WhiteElo "2081"]
[BlackElo "2208"]
[PlyCount "82"]
[EventDate "2000.04.14"]
[EventType "tourn"]
[EventRounds "9"]
[EventCountry "HUN"]
[SourceTitle "EXT 2004"]
[Source "ChessBase"]
[SourceDate "2003.11.25"]
[SourceVersion "1"]
[SourceVersionDate "2003.11.25"]
[SourceQuality "1"]

1. c4 e6 2. Nc3 d5 3. cxd5 exd5 4. d4 c6 5. Bf4 Bd6 6. Bg3 Qe7 7. e3 Bf5 8. Bd3 Bxd3 9. Qxd3 Nf6 10. Nf3 Bxg3 11. hxg3 Nbd7 12. a3 Ne4 13. Nd2 Ndf6 14. Rc1 0-0 15. Ndxe4 Nxe4 16. Nxe4 dxe4 17. Qb3 Kh8 18. Rc5 Qd7 19. Rch5 h6 20. Re5 Rfe8 21. Rxe8+ Rxe8 22. 0-0 Re6 23. Qc2 Qd5 24. Rc1 a6 25. b4 Qd8 26. Qc5 Kg8 27. Qa7 Qd7 28. Rc5 f6 29. Qb8+ Kh7 30. Qf4 Re7 31. Kf1 Kg8 32. Ke2 Kf7 33. g4 Re8 34. Qf5 Qxf5 35. gxf5 Rd8 36. f3 exf3+ 37. Kxf3 g6 38. fxg6+ Kxg6 39. g4 Rd6 40. Kf4 Rd7 41. a4 Rd6 1/2-1/2

[Event "Portocom op"]
[Site "Debrecen"]
[Date "1999.10.21"]
[Round "3"]
[White "Voiteanu, Christian Gabriel"]
[Black "Szabo, Gergely D"]
[Result "0-1"]
[WhiteElo "2047"]
[BlackElo "2250"]
[PlyCount "106"]
[EventDate "1999.??.??"]
[EventType "swiss"]
[EventRounds "9"]
[EventCountry "HUN"]
[SourceTitle "EXT 2001"]
[Source "ChessBase"]
[SourceDate "2000.11.22"]
[SourceVersion "1"]
[SourceVersionDate "2000.11.22"]
[SourceQuality "1"]

1. d4 d6 2. e4 g6 3. c4 Bg7 4. Nc3 Nf6 5. Be2 Nbd7 6. Bg5 h6 7. Be3 c5 8. d5 Qa5 9. Qd2 Nb6 10. h3 Bd7 11. a3 Na4 12. Nxa4 Qxd2+ 13. Bxd2 Bxa4 14. Bd3 0-0 15. Rb1 b5 16. cxb5 Rab8 17. Ne2 c4 18. Bxc4 Nxe4 19. Nc3 Rfc8 20. Nxe4 Rxc4 21. Nc3 Bxb5 22. Nxb5 Rxb5 23. 0-0 Rxb2 24. Rxb2 Bxb2 25. Bxh6 Bxa3 26. Ra1 Bc5 27. Be3 Bxe3 28. fxe3 Rc7 29. Kf2 Kg7 30. Kf3 Kf6 31. Ke4 Rc4+ 32. Kd3 Rc5 33. e4 a5 34. Rf1+ Kg7 35. Ra1 Rb5 36. Ke3 Rb3+ 37. Kf4 Rb4 38. g4 a4 39. h4 e6 40. dxe6 fxe6 41. Ke3 Rb3+ 42. Kd4 a3 43. g5 Rb4+ 44. Kd3 Ra4 45. Ra2 e5 46. Ke3 Kf7 47. Kd3 Ke6 48. Ke3 d5 49. exd5+ Kxd5 50. Kd2 Ke6 51. Kc2 Kf5 52. Kb3 Rxh4 53. Rg2 Rg4 0-1

[Event "HUN-ch U20"]
[Site "Paks"]
[Date "1999.04.03"]
[Round "8"]
[White "Szabo, Gergely D"]
[Black "Kerek, Csaba"]
[Result "1-0"]
[WhiteElo "2235"]
[BlackElo "2395"]
[PlyCount "39"]
[EventDate "1999.03.27"]
[EventType "tourn"]
[EventRounds "9"]
[EventCountry "HUN"]
[SourceTitle "EXT 2004"]
[Source "ChessBase"]
[SourceDate "2003.11.25"]
[SourceVersion "1"]
[SourceVersionDate "2003.11.25"]
[SourceQuality "1"]

1. d4 Nf6 2. Nf3 g6 3. Nc3 d5 4. Bf4 Bg7 5. e3 0-0 6. Be2 b6 7. Ne5 Bb7 8. h4 h6 9. g4 Ne4 10. Nxe4 dxe4 11. g5 h5 12. Bxh5 gxh5 13. Qxh5 Nc6 14. Rg1 Qd6 15. g6 fxg6 16. Rxg6 Rf6 17. Rxg7+ Kxg7 18. 0-0-0 Rg8 19. Rg1+ Kf8 20. Bh6+ 1-0

[Event "HUN-ch U20"]
[Site "Paks"]
[Date "1999.03.29"]
[Round "3"]
[White "Szabo, Gergely D"]
[Black "Kovacs, Zsolt"]
[Result "1-0"]
[WhiteElo "2235"]
[BlackElo "2110"]
[PlyCount "61"]
[EventDate "1999.03.27"]
[EventType "tourn"]
[EventRounds "9"]
[EventCountry "HUN"]
[SourceTitle "EXT 2004"]
[Source "ChessBase"]
[SourceDate "2003.11.25"]
[SourceVersion "1"]
[SourceVersionDate "2003.11.25"]
[SourceQuality "1"]

1. d4 Nf6 2. Nf3 g6 3. Nc3 d5 4. Bf4 Bg7 5. e3 0-0 6. Be2 Bf5 7. Ne5 Nbd7 8. h4 c6 9. Qd2 Nxe5 10. Bxe5 Nd7 11. Bxg7 Kxg7 12. h5 gxh5 13. Rxh5 Bg6 14. Rh3 b5 15. 0-0-0 b4 16. Na4 Rb8 17. Rdh1 Rh8 18. b3 e5 19. dxe5 Nxe5 20. g4 Qf6 21. Qd4 Nd7 22. Qxa7 Nb6 23. g5 Qa1+ 24. Kd2 Qxa2 25. Bd3 Bxd3 26. Kxd3 c5 27. Rxh7+ Rxh7 28. Rxh7+ Kxh7 29. Qxf7+ Kh8 30. g6 c4+ 31. Kd2 1-0

[Event "Hajduboszormeny op"]
[Site "Hajduboszormeny"]
[Date "1998.07.24"]
[Round "8.9"]
[White "Pal, Ferenc"]
[Black "Szabo, Gergely D"]
[Result "0-1"]
[WhiteElo "2040"]
[BlackElo "2135"]
[PlyCount "142"]
[EventDate "1998.07.17"]
[EventType "swiss"]
[EventRounds "9"]
[EventCountry "HUN"]
[SourceTitle "EXT 2004"]
[Source "ChessBase"]
[SourceDate "2003.11.25"]
[SourceVersion "1"]
[SourceVersionDate "2003.11.25"]
[SourceQuality "1"]

1. e4 c5 2. f4 d5 3. exd5 Qxd5 4. Nc3 Qd6 5. Bb5+ Nc6 6. d3 Nf6 7. Nf3 a6 8. Bxc6+ Qxc6 9. 0-0 e6 10. Ne5 Qc7 11. Ne4 Nxe4 12. dxe4 b5 13. a4 Bb7 14. axb5 axb5 15. Rxa8+ Bxa8 16. Qe2 c4 17. b3 Bd6 18. Ng4 0-0 19. bxc4 Qxc4 20. Qxc4 bxc4 21. e5 Bc7 22. Rd1 Rd8 23. Rxd8+ Bxd8 24. Ba3 Bb6+ 25. Kf1 Be4 26. c3 h5 27. Nf2 Bd5 28. Nd1 Kh7 29. Bc1 Kg6 30. Be3 Bc7 31. Bd4 Kf5 32. g3 Bd8 33. Ke2 Be7 34. Ne3+ Ke4 35. Nf1 Ba3 36. Nd2+ Kf5 37. Nf3 Be4 38. Ng5 Bd3+ 39. Kd2 Kg4 40. Nxf7 Kh3 41. Ke1 Kxh2 42. Kf2 Be7 43. Nd6 h4 44. gxh4 Bxh4+ 45. Kf3 Kh3 46. Ne4 Bxe4+ 47. Kxe4 Kg4 48. Bc5 Bg3 49. Be3 g6 50. Bc1 Bf2 51. Be3 Bxe3 52. Kxe3 Kg3 53. Ke4 Kf2 54. Kd4 Kf3 55. Kxc4 Kxf4 56. Kb5 g5 57. c4 g4 58. c5 g3 59. c6 g2 60. c7 g1Q 61. c8Q Qb1+ 62. Ka4 Qe4+ 63. Kb3 Qxe5 64. Qf8+ Ke4 65. Kc2 Qc7+ 66. Kd2 Qa5+ 67. Kc2 e5 68. Qf7 Qc5+ 69. Kd2 Qd4+ 70. Kc1 Ke3 71. Qg6 Qc3+ 0-1

[Event "Hajduboszormeny op"]
[Site "Hajduboszormeny"]
[Date "1998.07.19"]
[Round "2.9"]
[White "Szabo, Gergely D"]
[Black "Szathmari, Gabor"]
[Result "1-0"]
[WhiteElo "2135"]
[BlackElo "2095"]
[PlyCount "49"]
[EventDate "1998.07.17"]
[EventType "swiss"]
[EventRounds "9"]
[EventCountry "HUN"]
[SourceTitle "EXT 2004"]
[Source "ChessBase"]
[SourceDate "2003.11.25"]
[SourceVersion "1"]
[SourceVersionDate "2003.11.25"]
[SourceQuality "1"]

1. e4 c5 2. Nf3 d6 3. d4 cxd4 4. Nxd4 Nf6 5. Nc3 g6 6. Be2 Bg7 7. 0-0 0-0 8. Kh1 Nc6 9. Nb3 Be6 10. Bg5 Rc8 11. f4 a5 12. f5 Bxb3 13. cxb3 Ne5 14. Be3 Rxc3 15. bxc3 Nxe4 16. Rc1 Nc6 17. Qd3 Nf6 18. Qb5 Qa8 19. Bf3 Nd7 20. Bd4 Nde5 21. Be4 Nxd4 22. cxd4 Nc6 23. Bxc6 bxc6 24. Rxc6 Rb8 25. Qc4 1-0

[Event "Hajduboszormeny op"]
[Site "Hajduboszormeny"]
[Date "1998.07.18"]
[Round "5"]
[White "Szabo, Gergely D"]
[Black "Forgacs, Jozsef"]
[Result "1/2-1/2"]
[WhiteElo "2135"]
[BlackElo "2330"]
[PlyCount "119"]
[EventDate "1998.07.17"]
[EventType "swiss"]
[EventRounds "9"]
[EventCountry "HUN"]
[SourceTitle "EXT 2004"]
[Source "ChessBase"]
[SourceDate "2003.11.25"]
[SourceVersion "1"]
[SourceVersionDate "2003.11.25"]
[SourceQuality "1"]

1. e4 c5 2. Nc3 Nc6 3. g3 g6 4. d3 Bg7 5. Bg2 Rb8 6. Be3 d6 7. Qd2 b5 8. Nge2 Nd4 9. h3 a5 10. f4 b4 11. Nd1 f5 12. 0-0 e6 13. c3 Nxe2+ 14. Qxe2 Qb6 15. e5 d5 16. Qf2 Bf8 17. cxb4 axb4 18. b3 d4 19. Bc1 Ne7 20. Nb2 Nd5 21. Nc4 Qd8 22. a4 Ba6 23. Re1 Be7 24. Ra2 Nc3 25. Rb2 0-0 26. Qf3 Rc8 27. Bh1 Bxc4 28. dxc4 Ne4 29. Qd3 Nxg3 30. Bf3 Bh4 31. Rd1 Kh8 32. Rg2 g5 33. Kh2 g4 34. hxg4 fxg4 35. Bxg4 Nf5 36. Rdg1 Bf2 37. Rf1 Qh4+ 38. Qh3 Qxh3+ 39. Kxh3 Be3 40. Bxf5 Rxf5 41. Bxe3 dxe3 42. Re2 Rg8 43. Kh4 h5 44. Rxe3 Rg4+ 45. Kh3 Rgxf4 46. Rxf4 Rxf4 47. Rd3 Kg7 48. Rd7+ Kg6 49. Re7 Rf3+ 50. Kg2 Rxb3 51. Rxe6+ Kf5 52. Rc6 Kxe5 53. Rxc5+ Kd4 54. Rxh5 Rb2+ 55. Kf3 Kxc4 56. Ke3 b3 57. Rh8 Ra2 58. Rc8+ Kb4 59. Kd3 Rxa4 60. Rb8+ 1/2-1/2